| 000 | 01172cam a2200313 i 4500 | ||
|---|---|---|---|
| 001 | 913923866 | ||
| 003 | OCoLC | ||
| 005 | 20160920103403.0 | ||
| 008 | 151231s2016 mau c 000 1 eng | ||
| 010 | _a2015033312 | ||
| 020 |
_a9780544570986 _q(hardback) |
||
| 020 |
_a0544570987 _q(hardback) |
||
| 035 |
_a(OCoLC)913923866 _z(OCoLC)948211956 |
||
| 040 |
_aDLC _beng _erda _cDLC _dYDXCP _dBTCTA _dGK8 _dC9Z _dIK2 _dBKL _dNYP _dIHX _dEHH _dVP@ _dOCLCF _dZGV _dOCLCQ _dOCLCO _dDAY |
||
| 042 |
_alcac _apcc |
||
| 050 | 0 | 0 |
_aPZ7.5.A44 _bBo 2016 |
| 082 | 0 | 0 |
_a[Fic] _223 |
| 100 | 1 |
_aAlexander, Kwame, _eauthor. _95114 |
|
| 245 | 1 | 0 |
_aBooked / _cby Kwame Alexander. |
| 300 |
_a314 pages ; _c22 cm |
||
| 520 | _aTwelve-year-old Nick loves soccer and hates books, but soon learns the power of words as he wrestles with problems at home, stands up to a bully, and tries to impress the girl of his dreams. | ||
| 650 | 0 |
_aSoccer stories. _98469 |
|
| 650 | 0 |
_aBooks _vJuvenile fiction. _97273 |
|
| 650 | 0 |
_aReading _vJuvenile fiction. _98470 |
|
| 650 | 0 |
_aSelf-esteem _vJuvenile fiction. _9427 |
|
| 655 | 7 |
_aFiction. _2fast _9996 |
|
| 655 | 7 |
_aJuvenile works. _2fast _91094 |
|
| 942 |
_2ddc _cBK |
||
| 999 |
_c123888 _d123888 |
||